| 000 | 00376nam a22001577a 4500 | ||
|---|---|---|---|
| 020 | _a0-141-01075-4 | ||
| 082 |
_a030 _bBAN/D |
||
| 100 | _aBANNOCK, GRAHAM | ||
| 100 | _aBAXTER, R.E | ||
| 100 | _aDAVIS, EVAN | ||
| 245 | _aDICTIONARY OF ECONOMICS | ||
| 250 | _aSEVENTH EDITION | ||
| 260 |
_aLONDON _bPENGUIN BOOKS _c2003 |
||
| 650 |
_aECONOMICS REFERENCE _zINDIA |
||
| 942 | _cBK | ||
| 999 |
_c1682 _d1682 |
||